| 000 | 00698nam a2200241 a 4500 | ||
|---|---|---|---|
| 001 | BRL_666 | ||
| 005 | 20190320210837.0 | ||
| 008 | 230913s1957----mx-a######---#000-0#spa-# | ||
| 041 | _aspa | ||
| 044 | _amx | ||
| 050 | 4 |
_aND50 _b.T54 2 1957 |
|
| 100 | 1 |
_aMathews, Denis _924581 |
|
| 245 | 1 | 0 |
_aEl Fauvismo _cDenis Mathews ; traducción de Matilde Z. Horne. |
| 260 |
_aMéxico _bHermes _c1957 |
||
| 300 |
_a64 p. _b24 láminas _c19 cm. |
||
| 440 | 0 |
_aTiempo y color _pPrimera serie: Tendencias de la pintura moderna _v2 _924582 |
|
| 500 | _aAu726 | ||
| 650 | 1 | 4 |
_aPintura _xHistoria _924583 |
| 650 | 1 | 4 |
_aFauvismo _924584 |
| 700 | 1 |
_aHorne, Matilde Z. _etr _924585 |
|
| 902 | _aGRL | ||
| 942 |
_2lcc _cB |
||
| 999 |
_c9478 _d9478 |
||